000 00275nam a22001217a 4500
041 _aENG
100 _aGaffney ,J,J
245 _aQuality Detection In Foods
260 _aDelhi
_bAmerican Society of Agr
_c1976
300 _a240
650 _aAPE ( 02 )
856 _uAPE ( 02 )
999 _c2860
_d2860